000
00276nam a22001217a 4500
008
171003b xxu||||| |||| 00| 0 eng d
041
_a
eng
080
_2
6 ED
_a
159.9
100
_a
48
101
_a
PSI
245
_a
SLEF THERAPY FOR STUTTERER
_c
BOX.P
942
_2
udc
_c
BK
999
_c
31352
_d
31352